000 00300nam a22001337a 4500
008 170315b xxu||||| |||| 00| 0 eng d
020 _a2901428304207
041 _aeng
080 _211TH
_a591
100 _a7
101 _aSHM
245 _aBODY STRUCTURES & FUNCTIONS
_cSCOTT, A.S
942 _2udc
_cBK
999 _c7864
_d7864